[Event "Groupe Commerce"]
[Site "Thetford Mines CAN"]
[Date "1993.07.04"]
[Round "5"]
[White "Lacroix, Serge"]
[Black "Beaudry, Marc-Andre"]
[Result "1-0"]
[WhiteElo "2010"]
[BlackElo "1982"]
[PlyCount "151"]
[EventDate "1993.07.02"]
[EventType "swiss"]
[EventRounds "5"]
[EventCountry "CAN"]

1. e4 c5 2. Nf3 e6 3. d4 cxd4 4. Nxd4 Nf6 5. Nc3 d6 6. Bg5 a6 7. f4 Qb6 8. Nb3
Nbd7 9. Qd2 Be7 10. O-O-O Qc7 11. Bd3 b5 12. a3 Rb8 13. Kb1 h6 14. Bxf6 Bxf6
15. Ne2 Nb6 16. Nbd4 Nc4 17. Bxc4 bxc4 18. c3 Bd7 19. g4 Ba4 20. Rde1 Be7 21.
Ka1 g6 22. h4 e5 23. Nc2 Bc6 24. Nb4 Bxe4 25. Nxa6 Qb7 26. Nxb8 Bxh1 27. Na6
Bf3 28. Nb4 O-O 29. g5 h5 30. Qe3 Ra8 31. Ng1 Bg4 32. Kb1 e4 33. Kc1 d5 34. Qd4
Ra5 35. Kd2 Bc5 36. Qe5 e3+ 37. Kc1 d4 38. Qe8+ Kh7 39. cxd4 Bxb4 40. Rxe3 Bd6
41. Ne2 Ra8 42. Qe4 Qxe4 43. Rxe4 Bxe2 44. Rxe2 Bxf4+ 45. Kc2 Ra7 46. Kc3 Rc7
47. d5 Bg3 48. Re4 Kg7 49. Kb4 f6 50. Rd4 Bd6+ 51. Kb5 f5 52. a4 Be5 53. d6
Rb7+ 54. Kc6 Bxd4 55. Kxb7 Bc5 56. d7 Be7 57. a5 f4 58. a6 f3 59. a7 f2 60.
a8=Q f1=Q 61. d8=Q Bxd8 62. Qxd8 Qg2+ 63. Kc8 Qxb2 64. Qc7+ Kh8 65. Qxc4 Qg7
66. Qe6 Kh7 67. Kd8 Qf8+ 68. Qe8 Qf4 69. Qe7+ Kg8 70. Qe6+ Kg7 71. Ke8 Qb8+ 72.
Ke7 Qc7+ 73. Qd7 Qc4 74. Kd6+ Kh8 75. Qd8+ Kg7 76. Qc7+ 1-0

[Event "Open de Montreal"]
[Site "Montreal CAN"]
[Date "1993.05.22"]
[Round "2"]
[White "Lacroix, Serge"]
[Black "Beregovoy, Alexander"]
[Result "0-1"]
[WhiteElo "1916"]
[BlackElo "2319"]
[PlyCount "38"]
[EventDate "1993.05.21"]
[EventType "swiss"]
[EventRounds "5"]
[EventCountry "CAN"]

1. e4 Nf6 2. e5 Nd5 3. d4 b5 4. Bxb5 c5 5. c4 cxd4 6. Qxd4 Nb4 7. Qc3 e6 8. a3
Qa5 9. axb4 Qxa1 10. Ne2 Qxb1 11. Qf3 Bxb4+ 12. Kd1 Bb7 13. Qb3 a5 14. c5 Bd5
15. Qg3 Qg6 16. Qe3 Qe4 17. Qg3 a4 18. Bd3 Bb3+ 19. Bc2 Bxc2# 0-1

[Event "Open de Montreal"]
[Site "Montreal CAN"]
[Date "1993.05.23"]
[Round "5"]
[White "Ber, Yves"]
[Black "Lacroix, Serge"]
[Result "1/2-1/2"]
[WhiteElo "2030"]
[BlackElo "1868"]
[PlyCount "124"]
[EventDate "1993.05.21"]
[EventType "swiss"]
[EventRounds "5"]
[EventCountry "CAN"]

1. d4 Nf6 2. Nf3 g6 3. c4 Bg7 4. Nc3 d5 5. e3 O-O 6. Bd3 dxc4 7. Bxc4 c5 8. O-O
cxd4 9. Nxd4 a6 10. Nf3 Nc6 11. Qe2 Bg4 12. h3 Bxf3 13. Qxf3 Ne5 14. Qe2 Qc7
15. Bb3 Rac8 16. e4 Nc4 17. Rd1 e6 18. Rd4 Na5 19. e5 Nc6 20. Rd1 Qxe5 21. Qf3
Qf5 22. Qe2 Rfd8 23. Be3 Rxd1+ 24. Rxd1 Rd8 25. Rxd8+ Nxd8 26. Bb6 Nc6 27. Bc2
Qe5 28. Qd1 Nd5 29. Nxd5 Qxd5 30. Qxd5 exd5 31. b3 f5 32. Kf1 Kf7 33. Ke2 Ke6
34. g4 fxg4 35. hxg4 Nb4 36. Bb1 Nc6 37. f4 Bd4 38. f5+ Kf6 39. Bc7 Be5 40. Bb6
g5 41. Kf3 h6 42. Bc2 Bd4 43. Bc7 Ne7 44. Bd8 Kf7 45. Bxe7 Kxe7 46. Bd3 Kd6 47.
Ke2 Ke5 48. Kf3 Bc5 49. Bb1 Kd4 50. f6 Kc3 51. Bf5 a5 52. Be6 Kd4 53. a4 Ke5
54. Bc8 b6 55. f7 Kf6 56. Bb7 Ke6 57. Bc6 d4 58. Be8 Kd5 59. Bb5 Ke5 60. Bd3
Kf6 61. Bc4 Kg6 62. Ke4 h5 1/2-1/2

[Event "Le Taureau"]
[Site "Charlesbourg CAN"]
[Date "1993.05.16"]
[Round "4"]
[White "Lacroix, Serge"]
[Black "Desforges, Jean"]
[Result "0-1"]
[WhiteElo "1906"]
[BlackElo "1904"]
[PlyCount "88"]
[EventDate "1993.05.14"]
[EventType "swiss"]
[EventRounds "5"]
[EventCountry "CAN"]

1. e4 Nf6 2. e5 Nd5 3. d4 d6 4. Nf3 g6 5. c4 Nb6 6. Nc3 Bg7 7. exd6 cxd6 8. h3
Nc6 9. Be3 O-O 10. Qd2 e5 11. d5 Ne7 12. g4 f5 13. Ng5 h6 14. Ne6 Bxe6 15. dxe6
f4 16. Bxb6 Qxb6 17. O-O-O Qc6 18. Bd3 e4 19. Nxe4 d5 20. Nc3 dxc4 21. Bc2 Qxe6
22. Rhe1 Qf7 23. Qd7 Nc6 24. Qxf7+ Rxf7 25. Bxg6 Rf6 26. Bf5 a6 27. Nd5 Rff8
28. Nc7 Rab8 29. Be6+ Kh8 30. Rd7 b5 31. Bd5 Ne5 32. Rxe5 Bxe5 33. Ne6 Rfe8 34.
f3 b4 35. Rf7 c3 36. b3 Rb6 37. Nc5 Rb5 38. Bc6 Rxc5 39. Bxe8 c2 40. Rf8+ Kg7
41. Rf7+ Kg8 42. Rd7 Bb2+ 43. Kd2 c1=Q+ 44. Kd3 Qe3# 0-1

[Event "Granby op"]
[Site "Granby CAN"]
[Date "1993.04.17"]
[Round "2"]
[White "Beauchamp, Jean-Pierre"]
[Black "Lacroix, Serge"]
[Result "1-0"]
[WhiteElo "2028"]
[BlackElo "1909"]
[PlyCount "77"]
[EventDate "1993.04.17"]
[EventType "swiss"]
[EventRounds "4"]
[EventCountry "CAN"]

1. d4 Nf6 2. c4 g6 3. Nc3 d5 4. e3 Bg7 5. Nf3 O-O 6. Be2 dxc4 7. Bxc4 c5 8. O-O
cxd4 9. Nxd4 Nbd7 10. Qe2 a6 11. a4 e5 12. Nf3 Qe7 13. e4 Nb6 14. Bd3 Bg4 15.
Be3 Qe6 16. Rad1 Rac8 17. h3 Bxf3 18. Qxf3 Rfd8 19. Qe2 Qb3 20. a5 Na4 21. Nxa4
Qxa4 22. Bb6 Rd7 23. Rc1 Rc6 24. b3 Qxb3 25. Rxc6 bxc6 26. Bxa6 Bh6 27. Qf3 Qe6
28. Bc8 Qe7 29. Bxd7 Nxd7 30. Qb3 Nc5 31. Bxc5 Qxc5 32. Qb6 Bf8 33. Qxc5 Bxc5
34. Rc1 Bd4 35. Rxc6 Kf8 36. Rc7 h5 37. a6 Bb6 38. Rb7 Bd4 39. a7 1-0

[Event "Granby op"]
[Site "Granby CAN"]
[Date "1993.04.18"]
[Round "3"]
[White "Lacroix, Serge"]
[Black "Saint-Pierre, Benoit"]
[Result "0-1"]
[WhiteElo "1909"]
[BlackElo "2108"]
[PlyCount "59"]
[EventDate "1993.04.17"]
[EventType "swiss"]
[EventRounds "4"]
[EventCountry "CAN"]

1. e4 c5 2. Nf3 Nc6 3. d4 cxd4 4. Nxd4 Nf6 5. Nc3 d6 6. Bg5 e6 7. Qd2 a6 8.
O-O-O Bd7 9. f4 b5 10. Bxf6 gxf6 11. Kb1 Qb6 12. Nxc6 Bxc6 13. Bd3 h5 14. Rhf1
Qc5 15. Qf2 Qxf2 16. Rxf2 Ke7 17. Re1 Kd7 18. f5 Be7 19. Ne2 Rag8 20. Nf4 Bd8
21. c3 Rg5 22. Bc2 Re8 23. Rd1 Bb6 24. Rfd2 Bc7 25. h4 Rg4 26. Nxh5 Ke7 27. Rh1
Bb7 28. Rd3 Bxe4 29. Rg3 Bxc2+ 30. Kxc2 0-1

[Event "Laval X"]
[Site "Laval CAN"]
[Date "1993.04.03"]
[Round "3"]
[White "Hua, Lefong"]
[Black "Lacroix, Serge"]
[Result "1-0"]
[WhiteElo "1858"]
[BlackElo "2060"]
[PlyCount "59"]
[EventDate "1993.04.02"]
[EventType "swiss"]
[EventRounds "5"]
[EventCountry "CAN"]

1. d4 Nf6 2. Bg5 Ne4 3. Bf4 d5 4. Nf3 c5 5. e3 cxd4 6. exd4 Qb6 7. Qc1 Nc6 8.
c3 Bf5 9. Nbd2 e6 10. Be2 Be7 11. O-O Rc8 12. b3 O-O 13. Qb2 a5 14. a4 Rfd8 15.
Rfe1 Bd6 16. Bg3 Nxg3 17. hxg3 e5 18. dxe5 Nxe5 19. Nd4 Bg6 20. N2f3 h6 21.
Red1 Be4 22. Rd2 Rc5 23. Ne1 Nc6 24. Ndf3 Ne5 25. Nd4 Rdc8 26. Bd3 Be7 27. Kh1
Qg6 28. Be2 Nc6 29. Nef3 Bxf3 30. Nxc6 1-0

[Event "Mauricie op"]
[Site "Trois-Rivieres CAN"]
[Date "1993.03.19"]
[Round "1"]
[White "Lacroix, Serge"]
[Black "Pichette, Mickaelin"]
[Result "1-0"]
[WhiteElo "1944"]
[BlackElo "1855"]
[PlyCount "65"]
[EventDate "1993.03.19"]
[EventType "swiss"]
[EventRounds "5"]
[EventCountry "CAN"]

1. e4 e5 2. Nf3 Nc6 3. Bb5 Nd4 4. Ba4 b5 5. Nxd4 exd4 6. Bxb5 Qg5 7. Bf1 Bd6 8.
d3 Qg6 9. Qf3 Bb7 10. Bf4 Ne7 11. Bxd6 Qxd6 12. Qg3 Qb4+ 13. Nd2 O-O 14. a3
Qxb2 15. Rb1 Qxa3 16. Rxb7 Qc1+ 17. Ke2 Qxc2 18. Qxc7 Nc6 19. g3 Rac8 20. Qd6
Rb8 21. Rxb8 Rxb8 22. Qxd7 g6 23. Bg2 Rb3 24. Qxc6 Qxd3+ 25. Ke1 Rc3 26. Qe8+
Kg7 27. Qe5+ f6 28. Qe7+ Kg8 29. Bf3 Rc1+ 30. Bd1 Qc2 31. Ke2 Qb2 32. Bb3+ Kh8
33. Qf8# 1-0

[Event "Ouest"]
[Site "Montreal CAN"]
[Date "1993.04.13"]
[Round "7"]
[White "Morin, Louis"]
[Black "Lacroix, Serge"]
[Result "1-0"]
[WhiteElo "2004"]
[BlackElo "2020"]
[PlyCount "59"]
[EventDate "1993.03.02"]
[EventType "tourn"]
[EventRounds "7"]
[EventCountry "CAN"]

1. e4 c5 2. Nf3 e6 3. d4 cxd4 4. c3 dxc3 5. Nxc3 Nc6 6. Bc4 d6 7. O-O Nf6 8.
Qe2 Be7 9. Rd1 e5 10. Be3 Be6 11. Rac1 O-O 12. Bxe6 fxe6 13. Qc4 Qd7 14. Ng5
Nd8 15. Nb5 Ng4 16. Nf3 a6 17. Nc7 Rc8 18. Bb6 Qc6 19. Qb4 d5 20. Qa5 Qd7 21.
exd5 exd5 22. Qxd5+ Qxd5 23. Nxd5 Rxc1 24. Nxe7+ Kf7 25. Rxc1 Ke6 26. Ng5+ Kd6
27. Re1 Kxe7 28. Bc5+ Kf6 29. Nxh7+ Kf7 30. Nxf8 1-0

[Event "Lauzier Little"]
[Site "Montreal CAN"]
[Date "1993.03.20"]
[Round "?"]
[White "Filion, Claude"]
[Black "Lacroix, Serge"]
[Result "1-0"]
[WhiteElo "1671"]
[BlackElo "2020"]
[PlyCount "82"]
[EventDate "1993.03.??"]
[EventType "tourn"]
[EventCountry "CAN"]

1. f4 g6 2. Nf3 Bg7 3. Nc3 d6 4. e3 Bg4 5. h3 Bxf3 6. Qxf3 c6 7. b3 Nd7 8. Bb2
Ngf6 9. d4 O-O 10. Bd3 e5 11. O-O-O exd4 12. exd4 Nb6 13. g4 Nbd5 14. Bc4 Nxc3
15. Bxc3 d5 16. Bd3 Re8 17. Rhe1 Qd7 18. f5 Rxe1 19. Rxe1 a5 20. a4 b5 21. axb5
cxb5 22. Re5 b4 23. Bd2 Rc8 24. g5 Ne4 25. f6 Bf8 26. Bxe4 dxe4 27. Rxe4 a4 28.
Qd3 a3 29. Kb1 Qc6 30. d5 a2+ 31. Ka1 Qb6 32. Be3 Qd6 33. Kxa2 h5 34. Bd2 Qc7
35. Bxb4 Ra8+ 36. Kb2 Qa7 37. Kc3 Qa1+ 38. Kd2 Bxb4+ 39. Rxb4 Qg1 40. Qe3 Qg2+
41. Kd3 Qxd5+ 1-0

[Event "Carnaval"]
[Site "Quebec CAN"]
[Date "1993.02.07"]
[Round "5"]
[White "Roy, Roger"]
[Black "Lacroix, Serge"]
[Result "1-0"]
[WhiteElo "1850"]
[BlackElo "1967"]
[PlyCount "59"]
[EventDate "1993.02.05"]
[EventType "swiss"]
[EventRounds "5"]
[EventCountry "CAN"]

1. c4 Nf6 2. Nc3 e5 3. e4 Bb4 4. d3 Bxc3+ 5. bxc3 c5 6. f4 d6 7. Nf3 Nc6 8. Be2
O-O 9. O-O Bg4 10. Ng5 Bxe2 11. Qxe2 exf4 12. Bxf4 Ne5 13. d4 Ng6 14. Qf3 Nxf4
15. Qxf4 h6 16. Nf3 Qc7 17. e5 dxe5 18. Nxe5 Nd7 19. Nxd7 Qxd7 20. d5 Qa4 21.
Rae1 Rae8 22. Rxe8 Qxe8 23. Qf2 b6 24. Re1 Qa4 25. Qe2 Qd7 26. Qe7 Qg4 27. d6
Qc8 28. d7 Qd8 29. Qxd8 Rxd8 30. Re8+ 1-0

[Event "Specialiste op"]
[Site "Montreal CAN"]
[Date "1993.01.23"]
[Round "2"]
[White "Lacroix, Serge"]
[Black "Charest, Johanne"]
[Result "1-0"]
[WhiteElo "1965"]
[BlackElo "1772"]
[PlyCount "53"]
[EventDate "1993.01.23"]
[EventType "swiss"]
[EventRounds "4"]
[EventCountry "CAN"]

1. e4 e5 2. Nf3 Nc6 3. Bb5 Bc5 4. O-O Nd4 5. Nxd4 Bxd4 6. c3 Bb6 7. d4 c6 8.
Bc4 d6 9. dxe5 dxe5 10. Qh5 Qf6 11. Be3 Ne7 12. Na3 O-O 13. Bg5 Qd6 14. Rad1
Qc7 15. Rd2 Be6 16. Bxe6 fxe6 17. Qg4 Ng6 18. Qxe6+ Qf7 19. Qxf7+ Rxf7 20. Nc4
Bc7 21. Rfd1 b5 22. Nd6 Rd7 23. Nf5 Rf7 24. g3 Nf8 25. Ne7+ Kh8 26. Nxc6 Ne6
27. Be3 1-0

[Event "Chambly"]
[Site "Chambly CAN"]
[Date "1993.01.10"]
[Round "5"]
[White "Champetier, Serge"]
[Black "Lacroix, Serge"]
[Result "1-0"]
[WhiteElo "1950"]
[BlackElo "2000"]
[PlyCount "46"]
[EventDate "1993.01.08"]
[EventType "swiss"]
[EventRounds "5"]
[EventCountry "CAN"]

1. e4 c5 2. Nc3 e6 3. f4 d5 4. Nf3 Nc6 5. Bb5 Nf6 6. e5 Nd7 7. d3 Qc7 8. O-O
Be7 9. Qe1 Nd4 10. Ba4 Nxf3+ 11. Rxf3 a6 12. f5 b5 13. fxe6 fxe6 14. Bxb5 axb5
15. Nxb5 Qb8 16. Nd6+ Bxd6 17. exd6 Qxd6 18. Bf4 Qe7 19. Qg3 Ra6 20. Bg5 Nf6
21. Qe5 Nd7 22. Qc7 Qxg5 23. Qxc8+ Qd8 1-0

[Event "Pere Noel"]
[Site "Montreal CAN"]
[Date "1992.12.30"]
[Round "5"]
[White "Lacroix, Serge"]
[Black "Bolduc, Steve"]
[Result "1-0"]
[WhiteElo "2000"]
[BlackElo "2200"]
[PlyCount "117"]
[EventDate "1992.12.26"]
[EventType "swiss"]
[EventRounds "5"]
[EventCountry "CAN"]

1. e4 c6 2. d4 d5 3. Nc3 dxe4 4. Nxe4 Nd7 5. Bc4 Ngf6 6. Ng5 e6 7. N1f3 h6 8.
Nh3 g5 9. Nhg1 Bd6 10. Ne2 Qc7 11. Ng3 Nb6 12. Bb3 Bd7 13. Qe2 O-O-O 14. Ne5
Be8 15. Bd2 c5 16. c3 Nbd5 17. Nc4 Bf4 18. Ne3 Kb8 19. Bxd5 Nxd5 20. Ne4 cxd4
21. cxd4 Qb6 22. Bc3 Bb5 23. Qd2 Nxc3 24. bxc3 Qc6 25. Nc5 e5 26. Rb1 Rhe8 27.
a4 Bxa4 28. Nxb7 Ka8 29. Nxd8 Rxd8 30. O-O Qe4 31. Rb4 Bc6 32. d5 Bxe3 33. dxc6
Bxd2 34. Rxe4 Bxc3 35. Rc4 Bd4 36. Rb1 Rc8 37. Kf1 Bb6 38. Rd1 Bd4 39. Rb1 Bb6
40. Rb5 f6 41. Rd5 Kb8 42. Rd7 Rc7 43. Rd8+ Rc8 44. Rd6 Rf8 45. Rd7 h5 46. Ke2
h4 47. h3 Kc8 48. f3 Bd4 49. Kd3 Rd8 50. Rf7 a5 51. Ke4 Bb6 52. Rxf6 Rd4+ 53.
Rxd4 exd4 54. Rf7 a4 55. Rf8+ Kc7 56. Ra8 Kxc6 57. Rxa4 Kd6 58. Ra6 Kc5 59.
Rxb6 1-0

[Event "Bouche-trou"]
[Site "Montreal CAN"]
[Date "1992.12.19"]
[Round "3"]
[White "Morin, Louis"]
[Black "Lacroix, Serge"]
[Result "1-0"]
[WhiteElo "2005"]
[BlackElo "1941"]
[PlyCount "151"]
[EventDate "1992.12.18"]
[EventType "tourn"]
[EventRounds "5"]
[EventCountry "CAN"]

1. e4 c5 2. d4 cxd4 3. c3 dxc3 4. Nxc3 Nc6 5. Nf3 d6 6. Bc4 e6 7. O-O Nf6 8.
Qe2 Be7 9. Rd1 e5 10. Be3 Bg4 11. h3 Bh5 12. g4 Bg6 13. Bc5 O-O 14. a4 Qd7 15.
Ba3 Nxg4 16. hxg4 Qxg4+ 17. Kh1 Qh3+ 18. Nh2 Bh5 19. f3 Nd4 20. Rxd4 exd4 21.
Nd5 Rfe8 22. Nxe7+ Rxe7 23. Bxd6 Rd7 24. e5 Re8 25. Qg2 Qxg2+ 26. Kxg2 a6 27.
Rd1 Bg6 28. Rxd4 Bf5 29. Nf1 Be6 30. Ne3 Rc8 31. b3 Bxc4 32. Nxc4 b5 33. axb5
axb5 34. Nb6 Rc2+ 35. Kg3 Rb7 36. Bc5 g5 37. b4 Kg7 38. Rd6 Re2 39. Kg4 Rg2+
40. Kh3 Re2 41. Nd7 h5 42. Nf6 g4+ 43. fxg4 hxg4+ 44. Nxg4 Rb8 45. Bd4 Kf8 46.
Nf6 Ke7 47. Kg3 Rc8 48. Kf3 Re1 49. Nd5+ Ke8 50. Kf2 Rec1 51. Bc5 R8xc5 52.
bxc5 Rxc5 53. Ke3 Kf8 54. Rd7 b4 55. Kd4 Rb5 56. Kc4 Ra5 57. Kxb4 Ra6 58. Rd8+
Kg7 59. Rd6 Ra1 60. Kc5 Rc1+ 61. Kd4 Re1 62. Ne3 Rh1 63. Rf6 Rh4+ 64. Kd5 Rh1
65. Nf5+ Kg8 66. Nh6+ Kg7 67. Nxf7 Rd1+ 68. Ke6 Re1 69. Nd6 Re2 70. Nf5+ Kg8
71. Rg6+ Kf8 72. Kf6 Rf2 73. e6 Re2 74. Rh6 Kg8 75. Ne7+ Kf8 76. Rh8# 1-0

[Event "St-Jean"]
[Site "St-Jean CAN"]
[Date "1992.11.07"]
[Round "1"]
[White "Lacroix, Serge"]
[Black "Cazelais, Marc"]
[Result "0-1"]
[WhiteElo "2000"]
[BlackElo "2000"]
[PlyCount "56"]
[EventDate "1992.11.07"]
[EventType "swiss"]
[EventRounds "4"]
[EventCountry "CAN"]

1. e4 c5 2. Nf3 Nc6 3. d4 cxd4 4. Nxd4 Nf6 5. Nc3 e5 6. Ndb5 d6 7. Bg5 a6 8.
Na3 b5 9. Bxf6 gxf6 10. Nd5 Bg7 11. c3 Ne7 12. Nxe7 Qxe7 13. Bd3 f5 14. O-O O-O
15. f3 Bb7 16. exf5 d5 17. Nc2 Rad8 18. a4 Kh8 19. axb5 axb5 20. Qe2 Rg8 21.
Rfe1 Bf6 22. Ne3 e4 23. fxe4 dxe4 24. Bxb5 Be5 25. Red1 Qh4 26. g4 Rxg4+ 27.
Nxg4 Rg8 28. h3 Qxh3 0-1

[Event "Quebec-ch Amateur"]
[Site "Montreal CAN"]
[Date "1992.10.09"]
[Round "1"]
[White "Lacroix, Serge"]
[Black "Desjardins, Andre"]
[Result "1/2-1/2"]
[WhiteElo "1955"]
[BlackElo "2077"]
[PlyCount "80"]
[EventDate "1992.10.09"]
[EventType "swiss"]
[EventRounds "5"]
[EventCountry "CAN"]

1. e4 c5 2. Nf3 Nc6 3. d4 cxd4 4. Nxd4 Nf6 5. Nc3 e5 6. Ndb5 d6 7. Bg5 a6 8.
Bxf6 gxf6 9. Na3 f5 10. Bd3 Bg7 11. exf5 d5 12. Qg4 Bf6 13. O-O-O Qa5 14. Qa4
Qc5 15. Nab5 axb5 16. Qxa8 O-O 17. Bxb5 Bxf5 18. Qxb7 Nb4 19. Bd3 Bxd3 20. cxd3
Nxa2+ 21. Kb1 Nxc3+ 22. bxc3 Qxc3 23. Qb2 Qc7 24. Rc1 Qa7 25. Rc3 Ra8 26. Rhc1
e4 27. Rc8+ Rxc8 28. Rxc8+ Kg7 29. Qb8 Qa1+ 30. Kc2 exd3+ 31. Kxd3 Qd1+ 32. Ke3
Qe1+ 33. Kd3 Qd1+ 34. Ke3 Bg5+ 35. f4 Qe1+ 36. Kf3 Qd1+ 37. Kg3 Qd3+ 38. Kf2
Qd4+ 39. Kg3 Qd3+ 40. Kf2 Qd2+ 1/2-1/2

[Event "Quebec-ch Amateur"]
[Site "Montreal CAN"]
[Date "1992.10.10"]
[Round "2"]
[White "Lacroix, Serge"]
[Black "Desrosiers, Alain"]
[Result "1-0"]
[WhiteElo "1955"]
[BlackElo "2069"]
[PlyCount "93"]
[EventDate "1992.10.09"]
[EventType "swiss"]
[EventRounds "5"]
[EventCountry "CAN"]

1. e4 c5 2. Nf3 Nc6 3. d4 cxd4 4. Nxd4 Nf6 5. Nc3 e5 6. Ndb5 d6 7. Bg5 a6 8.
Na3 b5 9. Bxf6 gxf6 10. Nd5 f5 11. exf5 Bxf5 12. Qf3 Be6 13. Nf6+ Ke7 14. c3
Rc8 15. Nd5+ Ke8 16. Bd3 Qg5 17. h4 Qh6 18. Be4 Nd8 19. Nc2 Be7 20. Nce3 Rg8
21. g3 a5 22. Nb6 Rb8 23. Nbd5 Bxd5 24. Bxd5 Ne6 25. Rd1 b4 26. Nf5 Qg6 27. c4
Nc5 28. h5 Qg4 29. Qxg4 Rxg4 30. Bxf7+ Kf8 31. Bd5 Rg5 32. Nxe7 Kxe7 33. Ke2 b3
34. a3 Na4 35. Rd2 Rc8 36. Rhd1 Rxh5 37. Bf3 Rg5 38. Rxd6 Nxb2 39. Rd7+ Ke8 40.
R1d5 Nxc4 41. Rxh7 b2 42. Be4 Rg8 43. Rb5 Nd6 44. Rxe5+ Kf8 45. Ree7 Rc1 46.
Rd7 Ne8 47. Rhf7# 1-0

[Event "Quebec-ch Amateur"]
[Site "Montreal CAN"]
[Date "1992.10.11"]
[Round "4"]
[White "Morin, Louis"]
[Black "Lacroix, Serge"]
[Result "1/2-1/2"]
[WhiteElo "1977"]
[BlackElo "1981"]
[PlyCount "123"]
[EventDate "1992.10.09"]
[EventType "swiss"]
[EventRounds "5"]
[EventCountry "CAN"]

1. e4 c5 2. d4 cxd4 3. c3 dxc3 4. Nxc3 Nc6 5. Nf3 g6 6. Bc4 Bg7 7. O-O Nh6 8.
h3 O-O 9. Bf4 Kh8 10. Qd2 Ng8 11. e5 f6 12. exf6 Nxf6 13. Ng5 d5 14. Bxd5 Nxd5
15. Nxd5 Rxf4 16. Qxf4 Qxd5 17. Nf7+ Kg8 18. Nh6+ Bxh6 19. Qxh6 Bf5 20. Rfd1
Nd4 21. Qe3 e5 22. f4 Qb5 23. Qxe5 Qxe5 24. fxe5 Nc2 25. Rac1 Re8 26. Rd2 Nb4
27. Rc7 Bc8 28. a3 Na6 29. Rc3 Bf5 30. Re2 Kf7 31. b4 Bd7 32. Rf3+ Ke6 33. Rf6+
Ke7 34. Rd6 Nc7 35. Red2 Be6 36. a4 Na6 37. R2d4 Nb8 38. Rh4 h5 39. Rd3 Nd7 40.
Rc3 Kd8 41. Rd4 Re7 42. Rc5 Ke8 43. Rc8+ Kf7 44. Rf4+ Kg7 45. Rc7 g5 46. Rf2
Bb3 47. Rxb7 Bxa4 48. b5 Bxb5 49. Rxb5 Nxe5 50. Rf5 Nf7 51. Ra5 Kg6 52. Rfc5 h4
53. Rc6+ Kh5 54. Rca6 Rb7 55. Rxa7 Rb1+ 56. Kh2 Rf1 57. R7a6 Nh6 58. Ra1 Rf5
59. Rb1 g4 60. Rxh6+ Kxh6 61. hxg4 Rc5 62. Kh3 1/2-1/2

[Event "Beloeil"]
[Site "Beloeil CAN"]
[Date "1992.10.24"]
[Round "4"]
[White "Charest, Johanne"]
[Black "Lacroix, Serge"]
[Result "0-1"]
[WhiteElo "1818"]
[BlackElo "2018"]
[PlyCount "98"]
[EventDate "1992.09.26"]
[EventType "swiss"]
[EventRounds "6"]
[EventCountry "CAN"]

1. e4 c5 2. b4 cxb4 3. a3 Nc6 4. Nf3 e6 5. axb4 Bxb4 6. Ba3 d5 7. exd5 Qxd5 8.
c3 Be7 9. Bxe7 Ngxe7 10. Na3 O-O 11. Bc4 Qd8 12. O-O Na5 13. Ba2 b6 14. Qe2 Bb7
15. Rfe1 Bxf3 16. Qxf3 Qxd2 17. Nb5 Nd5 18. Red1 Qb2 19. Bxd5 exd5 20. Qxd5 Qe2
21. Re1 Qb2 22. Rad1 Qb3 23. Qd7 h6 24. Rb1 Qc2 25. Rbc1 Qa2 26. Nd6 Nb3 27.
Rcd1 Nc5 28. Qc6 Qa4 29. Qd5 Rad8 30. Re7 Rd7 31. Ree1 Nb7 32. Qe5 Nxd6 33.
Rxd6 Rxd6 34. Qxd6 Re8 35. Rd1 Qe4 36. g3 Qf3 37. Qd7 Re2 38. Rf1 Ra2 39. Qd4
Qf6 40. Qd5 Qe6 41. Qd8+ Kh7 42. Qd3+ g6 43. Rb1 h5 44. Qd4 Re2 45. Qf4 Re1+
46. Rxe1 Qxe1+ 47. Kg2 Qe6 48. Qc7 a5 49. Qa7 Kg7 0-1

[Event "Granby"]
[Site "Granby CAN"]
[Date "1992.09.18"]
[Round "2"]
[White "Cazelais, Marc"]
[Black "Lacroix, Serge"]
[Result "1-0"]
[WhiteElo "2000"]
[BlackElo "2000"]
[PlyCount "47"]
[EventDate "1992.09.17"]
[EventType "swiss"]
[EventRounds "5"]
[EventCountry "CAN"]

1. e4 c5 2. Nf3 d6 3. d4 cxd4 4. Nxd4 Nf6 5. Nc3 e6 6. Be3 Be7 7. f3 a6 8. Qd2
Nc6 9. g4 Qc7 10. O-O-O b5 11. Nxc6 Qxc6 12. Ne2 Bb7 13. Nd4 Qc7 14. g5 Nd7 15.
h4 Ne5 16. Kb1 Rc8 17. Qf2 d5 18. Bh3 O-O 19. h5 dxe4 20. g6 hxg6 21. hxg6 Nxg6
22. Nxe6 Qc6 23. Nxf8 Rxf8 24. Bd7 1-0

[Event "Granby"]
[Site "Granby CAN"]
[Date "1992.04.12"]
[Round "2"]
[White "Lacroix, Serge"]
[Black "Beauchamp, Jean-Pierre"]
[Result "1-0"]
[WhiteElo "2000"]
[BlackElo "2050"]
[PlyCount "66"]
[EventDate "1992.09.17"]
[EventType "swiss"]
[EventRounds "5"]
[EventCountry "CAN"]

1. e4 c5 2. Nf3 Nc6 3. d4 cxd4 4. Nxd4 Nf6 5. Nc3 e5 6. Ndb5 d6 7. Bg5 a6 8.
Na3 b5 9. Bxf6 gxf6 10. Nd5 Bg7 11. Qh5 Be6 12. c3 f5 13. f3 O-O 14. Bd3 fxe4
15. fxe4 f5 16. O-O Ra7 17. Nc2 Bxd5 18. exd5 e4 19. Bxe4 fxe4 20. Rxf8+ Kxf8
21. Rf1+ Kg8 22. dxc6 Qb6+ 23. Nd4 Ra8 24. Qd5+ Kh8 25. Qxe4 b4 26. Kh1 bxc3
27. bxc3 Rb8 28. h3 Be5 29. Nf3 Rf8 30. Rd1 Bxc3 31. Ng5 Qc7 32. Ne6 Qf7 33.
Nxf8 Qxf8 1-0

[Event "Quebec op"]
[Site "Montreal CAN"]
[Date "1992.07.31"]
[Round "1"]
[White "Alvarez del Monte, Jose Luis"]
[Black "Lacroix, Serge"]
[Result "0-1"]
[WhiteElo "2050"]
[BlackElo "2000"]
[PlyCount "51"]
[EventDate "1992.08.01"]
[EventType "swiss"]
[EventRounds "8"]
[EventCountry "CAN"]

1. e4 c5 2. Nf3 e6 3. d4 cxd4 4. Nxd4 a6 5. Be2 e5 6. Nf3 Nf6 7. Bc4 Qc7 8. Bb3
Bb4+ 9. Bd2 Bc5 10. Nc3 d6 11. Ng5 Bg4 12. Nd5 Qd7 13. f3 Bh5 14. Qe2 Nc6 15.
c3 Ne7 16. g4 Bg6 17. Nxe7 Kxe7 18. h4 h5 19. gxh5 Rxh5 20. f4 exf4 21. Bxf4
Qg4 22. Qxg4 Nxg4 23. Bd5 Nf2 24. Rf1 Nd3+ 25. Ke2 Nxb2 26. Bg3 0-1

[Event "Quebec op"]
[Site "Montreal CAN"]
[Date "1992.08.02"]
[Round "2"]
[White "Barsov, Alexei"]
[Black "Lacroix, Serge"]
[Result "1-0"]
[WhiteElo "2434"]
[BlackElo "2018"]
[PlyCount "63"]
[EventDate "1992.08.01"]
[EventType "swiss"]
[EventRounds "8"]
[EventCountry "CAN"]

1. d4 d5 2. c4 c6 3. Nf3 Nf6 4. e3 e6 5. Bd3 Nbd7 6. O-O Bd6 7. Nc3 O-O 8. e4
dxe4 9. Nxe4 Nxe4 10. Bxe4 Nf6 11. Bc2 c5 12. Bg5 h6 13. Bh4 cxd4 14. Qxd4 g5
15. Rad1 Bxh2+ 16. Kxh2 Qxd4 17. Rxd4 gxh4 18. Rfd1 b6 19. Ne5 Ba6 20. Rxh4
Rfd8 21. Rxh6 Rxd1 22. Bxd1 Kg7 23. Rh3 Rd8 24. Rg3+ Kf8 25. Ra3 Rxd1 26. Rxa6
Nd7 27. Nf3 Rf1 28. Rxa7 Nc5 29. Ne5 Rxf2 30. b4 Ne4 31. Nd7+ Kg7 32. Nxb6 1-0

[Event "Quebec op"]
[Site "Montreal CAN"]
[Date "1992.08.04"]
[Round "4"]
[White "Ross, Dave"]
[Black "Lacroix, Serge"]
[Result "0-1"]
[WhiteElo "2285"]
[BlackElo "2018"]
[PlyCount "90"]
[EventDate "1992.08.01"]
[EventType "swiss"]
[EventRounds "8"]
[EventCountry "CAN"]

1. d4 d5 2. Nf3 Nf6 3. c4 c6 4. Nc3 e6 5. e3 Nbd7 6. Qc2 Bd6 7. Be2 O-O 8. O-O
dxc4 9. Bxc4 e5 10. h3 exd4 11. exd4 h6 12. Re1 Nb6 13. Bb3 Nbd5 14. Ne5 Be6
15. Qe2 Re8 16. Qf3 Qc7 17. Qg3 Kh8 18. Bd2 Rad8 19. Re2 Qb6 20. Ne4 Nxe4 21.
Rxe4 Nf6 22. Rh4 Bxe5 23. dxe5 Ng8 24. Bc3 Bxb3 25. Rb4 Qc7 26. axb3 Re6 27.
Rxa7 Rg6 28. Qf3 Rb8 29. Rf4 Qb6 30. Ra1 Qxb3 31. Rxf7 Rd8 32. h4 Qd5 33. Qxd5
cxd5 34. Rd1 b6 35. f3 h5 36. f4 Nh6 37. f5 Rg4 38. Rb7 Nxf5 39. Rxb6 Nxh4 40.
Rd2 Nf3+ 41. Kf2 Nxd2 42. Bxd2 Rf8+ 43. Kg1 Re8 44. e6 Re4 45. Rb5 Rd4 0-1